00714nam a2200193 i 4500001000700000003000900007005001700016007000300033008004100036100003600077245003900113260005200152300003500204500006100239710004800300852003200348999001900380952012100399135176ES-MaACL20230906194825.0t|070711s1957 sp ||||1| spa d1 aTobajas Bonilla, Babil.911036910aAudaces / cBabil Tobajas Bonilla. aTarragona : b[s.n., c1957] (fGráfs. Marco) a237 p. con 7 lám. ; c20 cm. aPrecede al tít.: Universidad Laboral Francisco Franco.2 aUniversidad Laboral Francisco Franco.97386 aES-MaACLjC-14058 bR.41423 c135176d135176 00104070aATENEOMbATENEOMcSPALd2008-01-17eSCl0oC-14058p1140695r2023-02-23 00:00:00w2023-02-23yMONOGRAFIA